000 00339nam a2200121Ia 4500
008 220204s9999 xx 000 0 und d
082 _a621.18
_bELI
245 0 _aBoiler fuel additives for pollution reduction and energy saving
260 _aNew Jersey
_bNoyes Data
_c1978
650 _aBoiler fueld additives
700 _aR C
942 _cBK
999 _c31412
_d31412